Common Celsius to Fahrenheit Conversions - Statistics

General Stats
  • This quiz has been taken 318 times
  • The average score is 12 of 14
Answer Stats
Celsius Fahrenheit % Correct
0 32
97%
5 41
88%
10 50
88%
-5 23
87%
15 59
87%
20 68
87%
-10 14
86%
30 86
86%
35 95
86%
40 104
85%
45 113
85%
25 77
85%
50 122
83%
100 212
80%
No matching quizzes found
Score Distribution
Percent of People with Each Score
Percentile by Number Answered
Your Score History
You have not taken this quiz